• 首页
  • 本馆介绍
  • 公告通知
  • 最新文献
  • 馆藏检索
  • 电子资源
  • 读者导购
  • 参考咨询
  • 我的图书馆
  • 登录
  • 详细信息显示
  • 放入我的书架
  • 预约/预借图书
  • 作者相关作品
  • 分类相关作品
  • 丛书相关作品
  • 出版社相关作品

书目信息

  • 表格格式
  • 工作单格式
  • 卡片格式
题名:
组织学与胚胎学
    
 
作者: 王晓冬 , 陈永珍 , 祝辉 主编
分册:  
出版信息: 北京   科学出版社  2018.02
页数: 264页
开本: 29cm
丛书名:
单 册:
中图分类: R329 , R321-43 , R32
科图分类:
主题词: 人体组织学--高等学校--教材 , 人体胚胎学--高等学校--教材
电子资源:
ISBN: 978-7-03-055441-3
000 01200nam0 2200337 450
001 4282
005 20181011142044.42
010    @a978-7-03-055441-3@dCNY65.00
100    @a20180412d2018 em y0chiy50 ea
101 0  @achi
102    @aCN@b110000
105    @aa az 000yy
200 1  @a组织学与胚胎学@9zu zhi xue yu pei tai xue@f王晓冬,陈永珍,祝辉主编
205    @a3版
210    @a北京@c科学出版社@d2018.02
215    @a264页@c图,彩图@d29cm
300    @a普通高等教育“十三五”规划教材 “十三五”江苏省高等学校重点教材 全国普通高等教育医学类系列教材
312    @a封面英文题名:Histology and embryology
320    @a有书目(第264页)
330    @a本书主要由组织学和胚胎学两大篇组成。组织学又分为细胞、组织、器官与系统几个层次来介绍,而胚胎学分为人体胚胎早期发生和人体主要系统及器官发生两个部分来介绍。
510 1  @aHistology and embryology@zeng
606 0  @a人体组织学@x高等学校@j教材
606 0  @a人体胚胎学@x高等学校@j教材
690    @aR329@v5
690    @aR321-43@v5
690    @aR32@v4
701  0 @a王晓冬@9wang xiao dong@4主编
701  0 @a陈永珍@9chen yong zhen@4主编
701  0 @a祝辉@9zhu hui@4主编
801  0 @aCN@b91MARC@c20180412
905    @aMuseLib@dR32@e318=3
    
    组织学与胚胎学/王晓冬,陈永珍,祝辉主编.-3版.-北京:科学出版社,2018.02
    264页:图,彩图;29cm
    普通高等教育“十三五”规划教材 “十三五”江苏省高等学校重点教材 全国普通高等教育医学类系列教材
    
    ISBN 978-7-03-055441-3:CNY65.00
    本书主要由组织学和胚胎学两大篇组成。组织学又分为细胞、组织、器官与系统几个层次来介绍,而胚胎学分为人体胚胎早期发生和人体主要系统及器官发生两个部分来介绍。
●
相关链接 在E读中查询图书 在五车中查询图书 在当当中查询图书 在豆瓣中查询图书


正题名:组织学与胚胎学     索取号:R32/318=3         预约/预借

序号 登录号 条形码 馆藏地/架位号 状态 备注
1 1124401   211244018   第二样本阅览室/ [索取号:R32/318=3] 在馆    
2 1124402   211244027   第三借阅区/ [索取号:R32/318=3] 在馆    
3 1124403   211244036   第三借阅区/ [索取号:R32/318=3] 在馆    
4 1124404   211244045   第三借阅区/ [索取号:R32/318=3] 在馆    
5 1124405   211244054   密集书库-生命科学系/ [索取号:R32/318=3] 在馆    
唐山师范学院图书馆 欢迎您!
大连网信软件有限公司© 版权所有